00329pab a2200133 454500008004000000100002500040245003600065260000900101300000800110362001100118650001900129650002800148773001900176180718b1995 xxu||||| |||| 00| 0 eng d aPai Panandiker, V.A. aBudget 1995-96ba distinct look c1995 ap.8 a25 Mar aBudget - India aFinance, Public - India aIndian Express